Normal view
MARC view
Entry Personal Name
001 - CONTROL NUMBER
- control field: 35533
003 - CONTROL NUMBER IDENTIFIER
- control field: ARRUPE
005 - DATE AND TIME OF LATEST TRANSACTION
- control field: 20170904110248.0
008 - FIXED-LENGTH DATA ELEMENTS
- fixed length control field: 170904|| aca||aabn | a|a d
040 ## - CATALOGING SOURCE
- Original cataloging agency: ARRUPE
- Transcribing agency: ARRUPE
100 ## - HEADING--PERSONAL NAME
- Personal name: Strath, Bo
670 ## - SOURCE DATA FOUND
- Source citation: Work cat.: (ARRUPE): Strath, Bo, European modernity, 2017